00478nam a22001457a 4500008004100000020001500041050002200056100002600078245007200104250001200176260005600188300003500244521003400279650001900313160921b xxu||||| |||| 00| 0 eng d a0538888474 aHB 172 .M375 1999 aMcEachern, William A. aMacroeconomics:ba contemporary introduction/cWilliam A. McEachern a5th ed. aAustralia:bSouth-Western College Publishing;c1999 axxxviii, 476p. :bill. ;c20cm aincludes references and index aMacroeconomics